|
|
แสดงรายละเอียดบรรณานุกรม |
|
|
Brief Record
: Get Marc (ISO 2709)
: E-mail record
: |
|
|
| LEADER 00000nam 2200000uu 4500 | |||
| 008 110315s||||||||th 000 0 tha d | |||
| 020 0-8151-7221-4 | |||
| 060 0 Ref QV38 P578 1996 | |||
| 100 0 ^aL.Suzanne Bedell. | |||
| 245 00 ^aPhysicians GenRx : The complete drug refrence/^bL.Suzanne Bedell. | |||
| 246 0 ^a1996 Physicians generx. | |||
| 260 ^aST.Louis.MO : ^bMosby,^c1996. | |||
| 300 ^axxii,157,39,2130,63 p. : ill. | |||
| 650 0 ^adrugs. | |||
| 650 0 ^aPharmacology. | |||
| 650 0 ^ageneric drugs. | |||
| 650 0 ^adrugs--^xgenerie substitution | |||
| 700 0 ^aSuzanne Bedell L. Suzanne,ed. | |||
| 999 ^aใช้งานได้ทุกระบบ | |||
| คุณยังไม่ได้ล็อกอิน คุณสามารถมีกิจกรรมร่วมกับเว็บไซต์ได้ แต่ต้องล็อกอินก่อน :: |
|
| สถานะ | |||||||||
| 1. | หนังสืออ้างอิง | Ref QV38 P578 1996 | On Shelf ขอยืม | ||||||
| [แสดง 1/1 รายการ] | |||||||||
| รายการใกล้เคียง หัวเรื่อง [drugs.] หัวเรื่อง [Pharmacology.]
|
BibComment |
| คอมเมนท์ทรัพยากรรายการนี้ |
|
|